|
|
|
|
| LEADER |
00704nab a2200181 i 4500 |
| 001 |
acta3186 |
| 005 |
20210603134303.0 |
| 008 |
161015s1978 hu o 0|| eng d |
| 022 |
|
|
|a 0324-5268
|
| 040 |
|
|
|a SZTE Egyetemi Kiadványok Repozitórium
|b hun
|
| 041 |
|
|
|a eng
|
| 100 |
1 |
|
|a Jakucs László
|
| 245 |
1 |
0 |
|a Physical-geographical and geological aspects of the exploration of the hydrocarbon reserves of the South Hungarian Plain
|h [elektronikus dokumentum] /
|c Jakucs László
|
| 260 |
|
|
|c 1978
|
| 300 |
|
|
|a 91-105
|
| 490 |
0 |
|
|a Acta Universitatis Szegediensis : acta geographica
|v 18
|
| 695 |
|
|
|a Földrajztudomány
|
| 856 |
4 |
0 |
|u http://acta.bibl.u-szeged.hu/3186/1/geographica_018_091-105.pdf
|z Dokumentum-elérés
|